000 02070cam a22004814i 4500
003 PE-LiUPU
005 20250731172713.0
008 150617s r 000 0 d
035 _a(Sirsi) a10691
040 _aPE-LiUPU
_bspa
_cPE-LiUPU
_erda
049 _aPRUA
082 0 4 _a224.1
_bG88
_221
100 1 _aGuffin, Gilbert L.,
_eautor.
245 1 3 _aEl evangelio en Isaias /
_cGilbert L. Guffin.
264 1 _aBuenos Aires :
_bCasa Bautista de Publicaciones,
_c1970.
300 _a128 páginas ;
_c18 cm.
336 _atext
_2rdacontent
337 _aunmediated
_2rdamedia
338 _avolume
_2rdacarrier
505 0 _aAntecedentes de una extraordinaria profecía -- El mensaje del libro -- El mensaje de Dios de consuelo y seguridad -- La maravillosa gracia de Dios -- La majestad y el poder de Dios -- El identificable Cristo -- el siervo sufriente -- Las buenas nuevas de salvación -- Los tres pilares de la verdadera religión -- Para todo el mundo -- Para repaso y trabajo escrito.
526 _aSEG42
526 _aSEG41
526 _aSEG40
526 _aSEG39
526 _aP94
526 _aP87
526 _aP86
526 _aP85
526 _aP77
526 _aP76
526 _aP35
630 _aBiblia
_pA.T.
_pIsaías
_xComentarios.
910 _ajck
_bjvq
_cjck
_d20150616
942 _2ddc
_cBOOK
949 _a224.1 G88
_wDEWEY
_c1
_i20605
_lCCODEBUL1
_mBUL
_p00.00
_r0
_sY
_tBOOK
_u2015-04-21
_xTEOLOGIA
_PP35
_0COMPRA
_o.STAFF. Colección General
949 _a224.1 G88
_wDEWEY
_c2
_i15603
_lCCODEBUL1
_mBUL
_p00.00
_r0
_sY
_tBOOK
_u2015-04-21
_xTEOLOGIA
_PP35
_0COMPRA
_o.STAFF. Colección General
994 _aC0
_bPEPRU
596 _a1
999 _a224.1 G88
_wDEWEY
_c763
_i20605
_d763
_e2016-5-12
_lILL
_mBUL
_n2
_r0
_sY
_tBOOK
_u2015-4-21
_xTEOLOGIA
_PP35
_0COMPRA
_o.STAFF. Colección General
999 _a224.1 G88
_wDEWEY
_c2
_i15603
_d2022-6-23
_e2022-6-9
_f2021-11-11
_g5
_lCCODEBUL1
_mBUL
_n3
_q14
_r0
_sY
_tBOOK
_u2015-4-21
_xTEOLOGIA
_PP35
_0COMPRA
_o.STAFF. Colección General
980 _81
_gALBERTO SANCHEZ Responsable de Automatización